| 000 | 02615cam a22005774a 4500 | ||
|---|---|---|---|
| 001 | muse33817 | ||
| 003 | MdBmJHUP | ||
| 005 | 20210127151052.0 | ||
| 006 | m o d | ||
| 007 | cr||||||||nn|n | ||
| 008 | 070330s2007 ohu o 00 0 eng d | ||
| 010 | _z 2007013298 | ||
| 020 | _a9780814272145 | ||
| 020 | _a0814272142 | ||
| 020 | _z9780814210666 (cloth : alk. paper) | ||
| 020 | _z081421066X (cloth : alk. paper) | ||
| 020 | _z9780814291436 (cd-rom) | ||
| 020 | _z0814291430 (cd-rom) | ||
| 035 | _a(OCoLC)1228476315 | ||
| 040 |
_aMdBmJHUP _cMdBmJHUP |
||
| 043 | _an-us--- | ||
| 050 | 0 | 4 |
_aPS366.T73 _bS72 2007 |
| 082 | 0 |
_a810.9/320922 _222 |
|
| 100 | 1 |
_aSteadman, Jennifer Bernhardt, _d1971- |
|
| 245 | 1 | 0 |
_aTraveling Economies _bAmerican Women's Travel Writing / _cJennifer Bernhardt Steadman. |
| 264 | 1 | _bOhio State University Press, | |
| 264 | 3 | _bProject MUSE, | |
| 300 |
_a1 online resource (viii, 208 p.) : _bill. ; |
||
| 500 | _a"50, 1957-2007, Ohio State", on cover. | ||
| 504 | _aIncludes bibliographical references (p. 189-197) and index. | ||
| 505 | 0 | _aRagged-edge travelers Amy Morris Bradley and Nancy Prince evaluate the economies of travel -- Scolding the nation: the political travel writing of Anne Royall -- Traveling uplift: Mary Ann Shadd Cary creates and connects Black communities -- A "singular spectacle of a female": Frances Wright's traveling figure -- To the summit of equality: a feminist traveler, bloomers, and the antebellum feminist press. | |
| 506 | 0 |
_aOpen Access _fUnrestricted online access _2star |
|
| 588 | _aDescription based on print version record. | ||
| 650 | 0 | _aTravel in literature. | |
| 650 | 0 | _aFeminism in literature. | |
| 650 | 0 | _aWomen travelers in literature. | |
| 650 | 0 |
_aWomen authors, American _y19th century _xPolitical and social views. |
|
| 650 | 0 |
_aWomen travelers _zUnited States _xSocial conditions _y19th century. |
|
| 650 | 0 |
_aWomen travelers _zUnited States _xHistory _y19th century. |
|
| 650 | 0 |
_aAmerican prose literature _y19th century _xHistory and criticism. |
|
| 650 | 0 |
_aAmerican prose literature _xWomen authors _xHistory and criticism. |
|
| 650 | 0 |
_aTravelers' writings, American _xHistory and criticism. |
|
| 655 | 7 |
_aElectronic books. _2local |
|
| 710 | 2 |
_aProject Muse. _edistributor |
|
| 830 | 0 | _aBook collections on Project MUSE. | |
| 856 | 4 | 0 |
_zFull text available: _uhttps://muse.jhu.edu/book/27984/ |
| 999 |
_c24486 _d24486 |
||